000 01114cad a22002775a 4500
001 E148987
008 091210e20091007xxk f 100 0 eng d
035 _a(Sirsi) u148987
041 0 _aeng
050 0 4 _a346.41043 $2 18
100 1 _aDutton, Timothy
111 2 _aProperty Litigation Association Seminar
_bBirmingham
245 0 0 _aProperty Litigation Association Birmingham Seminar with Maitland Chambers
_b7 October 2009
_h[electronic resource]
260 _a[S.l.]
_bPLA
_c2009
505 2 _aTenant default in a downturn -- The modern law of proprietary estoppel -- Problems and solutions in enforcing duties to repair in leases of commercial premises
520 _aCollection of conference papers from the Property Litigation Association's 2009 seminar in Birmingham.
521 2 _aAdvanced
590 _aKA
651 4 _aUnited Kingdom
_y
690 _aPROPERTY
700 1 _aWonnacott, Mark
700 1 _aThomas, Nigel
700 1 _aJohnson, Edwin
856 4 0 _uhttps://www.pla.org.uk/library/conference_papers
_zView the conference papers free of charge at www.pla.org.uk...
942 _n0
999 _c110315
_d110315